000
00328nam a22001337a 4500
008
250404b |||||||| |||| 00| 0 eng d
020
_a
0071002278
050
_a
HJ257
_b
.M87
100
_a
MUSGRAVE A. Richard
245
_a
Public Finance In Theory and Practice
260
_a
NIL
_b
NIL
_c
1989
300
_a
xvi, 627p.
942
_c
BK
999
_c
2869
_d
2869